Ο Εγκέφαλος στο Χρόνο / Ανάπτυξη και Πλαστικότητα του Νευρικού Συστήματος (Record no. 4340)
[ view plain ]
| 000 -LEADER | |
|---|---|
| fixed length control field | 02202cam a22002294a 4500 |
| 005 - ΗΜΕΡΟΜΗΝΙΑ ΚΑΙ ΩΡΑ ΤΕΛΕΥΤΑΙΑΣ ΕΝΗΜΕΡΩΣΗΣ | |
| Πεδίο ελέγχου | 20250605164143.0 |
| 008 - FIXED-LENGTH DATA ELEMENTS--GENERAL INFORMATION | |
| Πεδίο ελέγχου σταθερού μήκους | 250528s ||||||||||||||||||||||||d |
| 035 ## - SYSTEM CONTROL NUMBER | |
| System control number | 19056 |
| 020 ## - ISBN | |
| ISBN | 9605240432 |
| 040 ## - ΠΗΓΗ ΚΑΤΑΛΟΓΟΓΡΑΦΗΣΗΣ | |
| Φορέας πρωτότυπης καταλογογράφησης | MC Athens Campus Library |
| Γλώσσα καταλογογράφησης | Ελληνικά, Μοντέρνα (1453-) |
| Modifying agency | MC Athens Campus Library |
| Κανόνες περιγραφικής καταλογογράφησης | AACR2 |
| 245 1# - ΤΙΤΛΟΣ ΚΑΙ ΔΗΛΩΣΗ ΥΠΕΥΘΥΝΟΤΗΤΑΣ | |
| Τίτλος | Ο Εγκέφαλος στο Χρόνο / Ανάπτυξη και Πλαστικότητα του Νευρικού Συστήματος |
| 260 ## - PUBLICATION, DISTRIBUTION, ETC. | |
| Name of publisher, distributor, etc. | Πανεπιστημιακές Εκδόσεις Κρήτης, |
| Date of publication, distribution, etc. | 1998 |
| 300 ## - PHYSICAL DESCRIPTION | |
| Extent | 228 |
| 520 ## - SUMMARY, ETC. | |
| Summary, etc. | Μια συστηματική ξενάγηση στον εντυπωσιακό κόσμο της δημιουργίας, της ανάπτυξης και της φθοράς του νευρικού συστήματος. Πρόλογος, Πρώιμα Στάδια Ανάπτυξης του Κεντρικού Νευρικού Συστήματος, Διαφοροποίηση των Επιμέρους Περιοχών του Κεντρικού Νευρικού Συστήματος, Μετανάστευση Νευρώνων στο Κεντρικό Νευρικό Σύστημα, Καθοδήγηση και Επέκταση Νευραξόνων, Ανάπτυξη των Νευροδιαβιβαστών, Ανάπτυξη των Μετασυναπτικών Υποδοχέων, Υπόστροφα Γεγονότα κατά την Ανάπτυξη του Νευρικού Συστήματος, Παρεγκεφαλιδικές Μεταλλάξεις στο Εργαστηριακό Μύ: Συμβολή στην Κατανόηση Μηχανισμών Ιστοτυπικής Διαφοροποίησης και Συναπτογένεσης, Ο Ρόλος της Εμπειρίας στην Ανάπτυξη του Εγκεφάλου, Ενδοκρανιακά Μοσχεύματα Νευροβλαστών σε Γενετικά Πρότυπα Νευρωνικών Εκφυλίσεων, Ευρετήριο. |
| 700 1# - ΠΡΟΣΘΕΤΗ ΑΝΑΓΡΑΦΗ--ΦΥΣΙΚΟ ΠΡΟΣΩΠΟ | |
| Personal name | Καραγωγέως Δόμνα |
| 9 (RLIN) | 5324 |
| 700 1# - ΠΡΟΣΘΕΤΗ ΑΝΑΓΡΑΦΗ--ΦΥΣΙΚΟ ΠΡΟΣΩΠΟ | |
| Personal name | Κούβελας Ηλίας |
| 9 (RLIN) | 5325 |
| 700 1# - ΠΡΟΣΘΕΤΗ ΑΝΑΓΡΑΦΗ--ΦΥΣΙΚΟ ΠΡΟΣΩΠΟ | |
| Personal name | Παπαδόπουλος Γεώργιος Χ |
| 9 (RLIN) | 5326 |
| 700 1# - ΠΡΟΣΘΕΤΗ ΑΝΑΓΡΑΦΗ--ΦΥΣΙΚΟ ΠΡΟΣΩΠΟ | |
| Personal name | Τριάρχου Λάζαρος Κ |
| 9 (RLIN) | 5327 |
| 942 ## - ADDED ENTRY ELEMENTS (KOHA) | |
| Koha item type | Books |
| Τύπος τεκμηρίου | Βιβλιοθήκη | Τρέχουσα τοποθεσία | Barcode | Αριθμός εισαγωγής | Ημερομηνία απόκτησης | Ταξιθετικό σύμβολο | Αριθμός αντιτύπου | Κατάσταση απόσυρσης | Κατάσταση χαμένου | Κατάσταση κατεστραμμένου | Μη δανεισμός | Σύνολο δανεισμών | Ημερομηνία τελευταίας εμφάνισης | Η τιμή ισχύει από |
|---|---|---|---|---|---|---|---|---|---|---|---|---|---|---|
| Books | MC Athens Campus Library | MC Athens Campus Library | 9780000043399 | 3993 | 05/06/2025 | 612.82 PAP | 1 | 05/06/2025 | 05/06/2025 |